John's use of matthew/ (Record no. 59495)

MARC details
000 -LEADER
fixed length control field 00483nam a2200157 4500
008 - FIXED-LENGTH DATA ELEMENTS--GENERAL INFORMATION
fixed length control field 241028b ||||| |||| 00| 0 eng d
020 ## - INTERNATIONAL STANDARD BOOK NUMBER
International Standard Book Number 9781506402581
050 ## - LIBRARY OF CONGRESS CALL NUMBER
Classification number BS2615.2
Item number .B37 2015
100 ## - MAIN ENTRY--PERSONAL NAME
Personal name Barker, James
245 ## - TITLE STATEMENT
Title John's use of matthew/
260 ## - PUBLICATION, DISTRIBUTION, ETC. (IMPRINT)
Place of publication, distribution, etc Lanham:
Name of publisher, distributor, etc National Book Network
Date of publication, distribution, etc 2015
300 ## - PHYSICAL DESCRIPTION
Extent xix, 150p.:
Dimensions 23 cm
500 ## - GENERAL NOTE
General note includes bibliographical references and index.
650 ## - SUBJECT ADDED ENTRY--TOPICAL TERM
Topical term or geographic name as entry element Bible
Form subdivision Bible Criticism, Interpretation
942 ## - ADDED ENTRY ELEMENTS (KOHA)
Source of classification or shelving scheme Library of Congress Classification
Item type Book
Holdings
Withdrawn status Lost status Source of classification or shelving scheme Damaged status Not for loan Collection code Home library Current library Shelving location Date acquired Source of acquisition Cost, normal purchase price Full call number Barcode Date last seen Copy number Price effective from Koha item type
    Library of Congress Classification     Non-fiction Bishop Okullu Memorial Library (Limuru Campus) Bishop Okullu Memorial Library (Limuru Campus) General Circulation 28/10/2024 donation 1800.00 BS2615.2 .B37 2015 072134 28/10/2024 1 28/10/2024 Book